00329nam a2200133Ia 4500008004100000041000800041082002500049100001600074245003700090260002700127300000900154365001600163710001600179230312s9999 xx 000 0 und d aeng a510.620b510.620 O'N aO'Neil P.V. aAdvanced Engineering Mathematics c2009bCengage Learning a1204 cRs.b550.00 aO'Neil P.V.